|
|
|
|
| LEADER |
00000cam a2200000 7i4500 |
| 001 |
0000001560 |
| 005 |
20030103.0 |
| 090 |
0 |
0 |
|a JPSM 634.9
|b WOR 1997
|
| 110 |
1 |
0 |
|a WORKSHOP on Selective Management System and Enrichment Planting
|k 1997
|j Ipoh, Perak
|
| 245 |
1 |
0 |
|a Proceedings of the ...
|c edited by Wan Yusoff Wan Ahmad ... (et al.)
|
| 260 |
0 |
0 |
|a Kuala Lumpur :
|b Forestry Department Headquarters ,
|c 1997
|
| 300 |
|
|
|a vii,,163 p. :
|b col. ill., map ;
|c 26 cm.
|
| 500 |
0 |
0 |
|a Includes bibliographies
|
| 650 |
0 |
0 |
|a Forests and forestry
|x Congresses
|
| 650 |
0 |
0 |
|a Sustainable forestry
|x Congresses
|
| 700 |
0 |
1 |
|a Wan Yusoff Wan Ahmad
|
| 998 |
|
|
|a JPSM
|
| 999 |
|
|
|a 0000003652
|b Monograph
|c Open Shelf
|e Default branch
|
| 999 |
|
|
|a 0000004908
|b Monograph
|c Open Shelf
|e Default branch
|
| 999 |
|
|
|a 0000004909
|b Monograph
|c Open Shelf
|e Default branch
|